Catálogo
 En Linea
Vista normal Vista MARC

Entrada Nombre personal

Número de registros utilizados en: 10

001 - NÚMERO DE CONTROL

  • campo de control: 75112

003 - IDENTIFICADOR DEL NÚMERO DE CONTROL

  • campo de control: BNPHU

005 - FECHA Y HORA DE LA ÚLTIMA TRANSACCIÓN

  • campo de control: 20250204110419.0

008 - DATOS DE LONGITUD FIJA

  • campo de control de longitud fija: 200615|| aca||aabn | a|a d

010 ## - NÚMERO DE CONTROL DE LA BIBLIOTECA DEL CONGRESO

  • Número de control de LC: no2021128519

040 ## - FUENTE DE LA CATALOGACIÓN

  • Centro catalogador/agencia de origen: DO-SdBNP
  • Lengua de catalogación: spa
  • Centro/agencia transcriptor: BNPHU
  • Normas de descripción: rda

100 1# - ENCABEZAMIENTO-NOMBRE DE PERSONA

  • Nombre de persona: Cruz, Santiago de la,
  • Fechas asociadas al nombre: 1961-

370 ## - LUGAR ASOCIADO

  • Lugar de nacimiento: San José de Ocoa (República Dominicana)
  • País asociado: República Dominicana

372 ## - CAMPO DE ACTIVIDAD

  • Campo de actividad: Licenciado en Ciencias Políticas - Universidad UTESA, en Santo Domingo
  • Campo de actividad: Licenciado en Derecho en la Universidad Católica Tecnológica del Cibao (UCATECI) - 1998
  • Campo de actividad: Maestria en enseñanza Superior de la Universidad Autónoma de Santo Domingo (UASD) - 2008
  • Campo de actividad: Maestría en Recursos Humanos de la Universidad Nordestana (UCNE), de San Francisco de Macorís;
  • Campo de actividad: Curso de periodismo técnico profesional de la Universidad Autónoma de Santo Domingo (UASD)

374 ## - OCUPACIÓN

  • Ocupación: Escritor
  • Ocupación: Poeta
  • Ocupación: Novelista

375 ## - GÉNERO/SEXO

  • Género/Sexo: Masculino

377 ## - LENGUA/LENGUAJE ASOCIADO

  • Código del idioma: spa
  • Término de lengua/lenguaje: Español

400 1# - TRAZADO DE VÉASE--NOMBRE DE PERSONA

  • Nombre de persona: De la Cruz, Santiago
  • Fechas asociadas al nombre: 1961-

400 1# - TRAZADO DE VÉASE--NOMBRE DE PERSONA

  • Nombre de persona: La Cruz, Santiago de,
  • Fechas asociadas al nombre: 1961-

670 ## - FUENTE DE DATOS ENCONTRADOS

  • Cita de la fuente: Work cat.: (OSt)46979: Cruz, Santiago, de la, Así como te lo cuento. /, 2017.

670 ## - FUENTE DE DATOS ENCONTRADOS

  • Cita de la fuente: Un guardia en la era de Trujillo, 2019:
  • Información encontrada: portada (Santiago de la Cruz) contraportada (nacido el 31 de diciembre de 1961 en San José de Ocoa; hombre; poeta y novelista; lista de obras)

670 ## - FUENTE DE DATOS ENCONTRADOS

  • Identificador Uniforme del Recurso: https://authorities.loc.gov/cgi-bin/Pwebrecon.cgi?AuthRecID=11752220&v1=1&HC=1&SEQ=20250204104531&PID=HsLYGWWkPlY9SBtycW_nOuFGXAum Consultado en 04 de febrero, 2025

Con tecnología Koha